| 000 | 01239nam a22003134a 4500 | ||
|---|---|---|---|
| 001 | ebr10265243 | ||
| 003 | CaPaEBR | ||
| 006 | m u | ||
| 007 | cr cn||||||||| | ||
| 008 | 030729s2004 nyua sb 001 0 eng | ||
| 020 | _z0826116655 | ||
| 040 |
_aCaPaEBR _cCaPaEBR |
||
| 035 | _a(OCoLC)607723566 | ||
| 050 | 1 | 4 |
_aRC386.6.N48 _bD546 2004eb |
| 082 | 0 | 4 |
_a616.8/0475 _222 |
| 245 | 0 | 0 |
_aDifferential diagnosis in adult neuropsychological assessment _h[electronic resource] / _cJoseph H. Ricker, editor. |
| 260 |
_aNew York : _bSpringer Pub. Co., _cc2004. |
||
| 300 |
_ax, 470 p. : _bill. |
||
| 504 | _aIncludes bibliographical references and index. | ||
| 533 |
_aElectronic reproduction. _bPalo Alto, Calif. : _cebrary, _d2013. _nAvailable via World Wide Web. _nAccess may be limited to ebrary affiliated libraries. |
||
| 650 | 0 | _aNeuropsychological tests. | |
| 650 | 0 | _aClinical neuropsychology. | |
| 650 | 0 | _aDiagnosis, Differential. | |
| 650 | 0 |
_aNervous system _xDiseases _xDiagnosis. |
|
| 655 | 7 |
_aElectronic books. _2local |
|
| 700 | 1 | _aRicker, Joseph H. | |
| 710 | 2 | _aebrary, Inc. | |
| 856 | 4 | 0 |
_uhttp://site.ebrary.com/lib/rucke/Doc?id=10265243 _zAn electronic book accessible through the World Wide Web; click to view |
| 999 |
_c9830 _d9830 |
||